| 000 | 00544nam a2200205Ia 4500 | ||
|---|---|---|---|
| 999 |
_c916 _d916 |
||
| 003 | 0100 | ||
| 008 | 130227s9999 xx 000 0 und d | ||
| 040 | _cARRUPELIB | ||
| 050 | _aDT2913.T43M94 | ||
| 100 |
_aMtetwa, Andrew Hama _931810 |
||
| 245 | 2 | _aA history of Uteve under the Mwene Mutapa rulers, 1480-1834 | |
| 245 | _ba re-evaluation | ||
| 260 |
_bUniversity Microfilms International _aAnn Arbor _c1984 |
||
| 300 | _a399p. | ||
| 300 | _b 23 cm | ||
| 650 |
_bTeve (African people) _xHistory _931811 |
||
| 942 |
_2lcc _cMONOGRAPH |
||